| 000 | 00784nam a22001817a 4500 | ||
|---|---|---|---|
| 999 |
_c80999 _d80999 |
||
| 008 | 201130b ||||| |||| 00| 0 eng d | ||
| 040 |
_bger _cDE-2950 _erda _aDE-2950 |
||
| 041 | _ager | ||
| 100 | _aWeber-Rath, Ines: | ||
| 245 |
_aRückkehr der Schinkellaternen. _bDenkmal: Das Evangelische Lutherstift-Krankenhaus Frankfurt (Oder) feiert in diesem Jahr 130-jähriges Bestehen. Die Straßenbahn-Haltestelle soll nach ihm benannt werden/ _cInes Weber-Rath |
||
| 653 | _aFrankfurt (Oder) | ||
| 653 | _aEvangelisches Krankenhaus Lutherstift | ||
| 773 |
_dFrankfurt (Oder): Märkisches Verlags- und Druckhaus GmbH & Co KG _g32. Jahrgang (2021) Nr. 102 vom 04.05.2021, S. 11 _tMärkische Oderzeitung |
||
| 942 | _cA | ||